Prelude to East African history / (Record no. 12347)
[ view plain ]
| 000 -LEADER | |
|---|---|
| fixed length control field | 00501nam a22001812 4500 |
| 001 - CONTROL NUMBER | |
| control field | 0000000483 |
| 005 - DATE AND TIME OF LATEST TRANSACTION | |
| control field | 20151217155802.0 |
| 008 - FIXED-LENGTH DATA ELEMENTS--GENERAL INFORMATION | |
| fixed length control field | 070205s xx 000 0 eng d |
| 040 ## - CATALOGING SOURCE | |
| Original cataloging agency | KABU |
| Transcribing agency | KABU |
| 050 #0 - LIBRARY OF CONGRESS CALL NUMBER | |
| Classification number | DT423 |
| Item number | .P74 |
| 245 10 - TITLE STATEMENT | |
| Title | Prelude to East African history / |
| Statement of responsibility, etc. | edited by Merrick Posnansky. |
| 260 ## - PUBLICATION, DISTRIBUTION, ETC. (IMPRINT) | |
| Place of publication, distribution, etc. | Nairobi : |
| Name of publisher, distributor, etc. | OUP, |
| Date of publication, distribution, etc. | 1966. |
| 300 ## - PHYSICAL DESCRIPTION | |
| Extent | 186 p. |
| 700 1# - ADDED ENTRY--PERSONAL NAME | |
| Personal name | Posnansky, Merrick. |
| -- | 0000148691 |
| 908 ## - PUT COMMAND PARAMETER (RLIN) | |
| Put command parameter | 070205 |
| 950 ## - LOCAL HOLDINGS (RLIN) | |
| -- | 1 |
| Withdrawn status | Lost status | Source of classification or shelving scheme | Not for loan | Home library | Current library | Date acquired | Total Checkouts | Full call number | Barcode | Date last seen | Price effective from | Koha item type |
|---|---|---|---|---|---|---|---|---|---|---|---|---|
| Library of Congress Classification | Kabarak, Main Campus | Kabarak, Main Campus | 17/12/2015 | DT423 .P74 | 006499 | 17/12/2015 | 17/12/2015 | Africana Collection |